Mirosław Szubiński (1930-2005)
| Titel: | Mirosław Szubiński (1930-2005) |
|---|---|
| Verfasser: | |
| In: |
Szkice ke̜dzierzyńsko-kozielskie, Band 10 (2005), Seite 207-210, fot. 1 alle Artikel anzeigen |
| Veröffentlicht: | 2005 |
| Format: | Aufsatz |
| Sprache: | Polnisch |
X
alg: 39449974 001A $01999:12-11-16 001B $01999:30-05-21 $t22:09:31.000 001C $06050:19-11-16 $t09:34:12.000 001D $01999:12-11-16 001U $0utf8 001X $00 002@ $0Aox 003@ $0394499743 007A $0394499743 $aHEB 007T $0Herdww029401 010@ $apol 011@ $a2005 021A $aMirosław Szubiński (1930-2005) 028A $aPacułt $dRyszard 031A $d10 $h207-210, fot. 1 $j2005 039B $aIn $8--Abvc--. Szkice ke̜dzierzyńsko-kozielskie. - Kędzierzyn-Koźle : Towarzystwo Ziemi Kozielskiej, 1985-. - ISSN 0860-1062 $x200500000100000793 $9048584932 045F $a929.094385 $eDDC23BSB 045F/01 $a929 045F/03 $g4385 045T $a-OST $qDE-12 $2FID 045T $a7,41 lok: 39449974 78 exp: 39449974 78 1 #EPN 201B/01 $031-10-19 $t22:44:03.000 201U/01 $0utf8 203@/01 $0790610167 208@/01 $a12-11-16 $be 209A/01 $a/ $f000 $x00 220C/01 $aTitelaufnehmer: EV 220C/01 $aHerkunft: IH UWr 244Z/01 $2Trx $#Silesia $#Śląsk $#Sliezsko $#Slezsko $8--Trx--Schlesien $x01 $9391173987 244Z/01 $#Kandrzin-Cosel $74286225-5 $8--Tg1--Ke̜dzierzyn-Koźle $x02 $9086548549 244Z/01 $2Trx $8--Trx--Szubiński, Mirosław$Z1930-2005 $x03 $939063509X 244Z/01 $2Trx $#arstid $#gydytojai $#physicians $#orvosok $#lekarze $#lekári $#lékaři $#Mediziner $8--Trx--Ärzte $x04 $9391359754 244Z/01 $2Trx $8--Trx--Zeitschriftenaufsatz $x05 $9391384341 245Z/01 $a12.03 $x01 247C/01 $82080>Marburg/Lahn, Herder-Institut, Forschungsbibliothek, Bibliographieportal $9336309341
| LEADER | 00000caa a22000002c 4500 | ||
|---|---|---|---|
| 001 | 394499743 | ||
| 003 | DE-603 | ||
| 005 | 20210530220931.0 | ||
| 007 | tu | ||
| 008 | 161112s2005 xx |||| | u00||u|pol c | ||
| 035 | |a (DE-599)HEB394499743 | ||
| 040 | |a DE-603 |b ger |c DE-603 |d DE-603 | ||
| 041 | |a pol | ||
| 082 | 0 | 4 | |8 1\u |a 929.094385 |q DE-101 |2 23/BSB |
| 084 | |a -OST |q DE-12 |2 fid | ||
| 084 | |a 7,41 |2 ssgn | ||
| 085 | |8 1\u |b 929 | ||
| 085 | |8 1\u |z 2 |s 4385 | ||
| 100 | 1 | |a Pacułt, Ryszard | |
| 245 | 0 | 0 | |a Mirosław Szubiński (1930-2005) |
| 264 | 0 | |c 2005 | |
| 773 | 0 | 8 | |i In |t Szkice ke̜dzierzyńsko-kozielskie |d Kędzierzyn-Koźle : Towarzystwo Ziemi Kozielskiej, 1985- |x 0860-1062 |g Band 10 (2005), Seite 207-210, fot. 1 |w (DE-603)048584932 |w (DE-600)1080389-0 |
| 924 | 0 | |9 2080 |a (DE-603)790610167 |b DE-2080 |c HES |d d |g / | |


